Aby Warburg y el pensamiento vivo.
Gespeichert in:
| 1. Verfasser: | |
|---|---|
| Weitere Verfasser: | , , , , , , , , , , , |
| Format: | Unbekannt |
| Veröffentlicht: |
Madrid, España:
Siruela,
2023.
|
| Schriftenreihe: | El Árbol del Paraíso,
|
| Schlagworte: | |
| Tags: |
Tag hinzufügen
Keine Tags, Fügen Sie den ersten Tag hinzu!
|
MARC
| LEADER | 00000 a2200000 4500 | ||
|---|---|---|---|
| 003 | CL-VaPUC | ||
| 005 | 20250326100452.0 | ||
| 008 | 250206t2023 ||||| |||| 00| 0 eng d | ||
| 999 | |c 446884 |d 446882 | ||
| 020 | |a 978-84-19744-38-8 | ||
| 040 | |c Pontificia Universidad Católica de Valparaíso | ||
| 082 | |a 709.2 CEN 2023 | ||
| 100 | |9 896164 |a Centanni, Monica |e editora | ||
| 245 | |a Aby Warburg y el pensamiento vivo. | ||
| 260 | |a Madrid, España: |b Siruela, |c 2023. | ||
| 300 | |a 461 páginas. | ||
| 490 | |a El Árbol del Paraíso, |n 108. | ||
| 583 | |k Gabriela Rodríguez Cuevas |c 20250206 | ||
| 600 | 0 | |9 401 |a Warburg, Aby Moritz |d 1866-1929 |e Historiador |x Crítica e interpretación |z Alemania | |
| 650 | 0 | |9 265238 |a Arte |x Historiografía | |
| 650 | 0 | |9 314877 |a Historia del arte |z Italia | |
| 650 | 0 | |9 334590 |a Crítica de arte |y Siglo 20 | |
| 700 | |9 896166 |a Pasquali, Giorgio |e autor | ||
| 700 | |9 324795 |a Praz, Mario |e autor | ||
| 700 | |9 591212 |a Bing, Gertrud |e autora | ||
| 700 | |9 338649 |a Frugoni, Arsenio |e autor | ||
| 700 | |9 604794 |a Agamben, Giorgio |e autor | ||
| 700 | |9 896167 |a Bilancioni, Guglielmo |e autor | ||
| 700 | |9 896168 |a Dal Lago, Alessandro |e autor | ||
| 700 | |9 896169 |a Carchia, Gianni |e autor | ||
| 700 | |9 541989 |a Settis, Salvatore |e autor | ||
| 700 | |9 868422 |a Forster, Kurt W |e autor | ||
| 700 | |9 896170 |a Ghelardi, Maurizio |e autor | ||
| 700 | |9 896165 |a Naval, Ada |e traducción del italiano | ||
| 942 | |2 ddc |c BK | ||
| 952 | |0 0 |1 0 |2 ddc |4 0 |6 709_200000000000000_CEN_2023 |7 0 |8 A |9 600206 |a BIBART |b BIBART |d 2025-01-30 |e 45 |g 46900.00 |i 5665072 |o 709.2 CEN 2023 |p 5665072 |r 2025-01-30 |t 1 |v 46900.00 |w 2025-01-30 |y BK |k ART | ||